Analýza podnikateľského prostredia Ruskej federácie

Vplyv lokalizačných faktorov na zahraničné investície. Rozličné úrovne voľby miesta pre založenie podnikateľského subjektu. Analýza súčasného podnikateľského prostredia Ruskej federácie. Projekt Svetovej banky "Doing business", ktorý provnáva vládne regulácie a ich vplyv na podnikateľské prostredie....

Descripción completa

Guardado en:
Detalles Bibliográficos
Autor principal: Svobodová, Valéria
Formato: Capítulo de libro
Lenguaje:eslovaco
Materias:
Etiquetas: Agregar Etiqueta
Sin Etiquetas, Sea el primero en etiquetar este registro!

MARC

LEADER 00000naa$a2200000$$$4500
001 0070364
005 20240502071838.7
041 0 |a slo 
044 |a SK 
245 1 0 |a Analýza podnikateľského prostredia Ruskej federácie  |c Valéria Svobodová 
520 |a Vplyv lokalizačných faktorov na zahraničné investície. Rozličné úrovne voľby miesta pre založenie podnikateľského subjektu. Analýza súčasného podnikateľského prostredia Ruskej federácie. Projekt Svetovej banky "Doing business", ktorý provnáva vládne regulácie a ich vplyv na podnikateľské prostredie. Porovnanie podnikateľského prostredia Ruskej federácie na základe súboru kvantifikovaných indikátorov ako sú: zahájenie podnikania, udeľovanie povolení, zamestnávanie pracovníkov, registrácia vlastníctva, získavanie úverov, ochrana investorov, platenie daní, regulácia zahraničného obchodu, vymáhateľnosť zmlúv a ukončenie podnikania. 
610 2 0 |a podnikanie 
610 2 0 |a prostredie podnikateľské 
610 2 0 |a obchod zahraničný 
610 2 0 |a lokalizácia 
610 2 0 |a regulácia štátna 
610 2 0 |a dane 
610 2 0 |a investori 
610 2 0 |a zmluvy 
610 2 0 |a indexy hodnotové 
610 2 0 |a Rusko 
100 1 |a Svobodová, Valéria